[Event "Titled Tuesday intern op 05th Jul Late"]
[Site "Chess.com INT"]
[Date "2022.07.05"]
[Round "6"]
[White "Melikhov, Evgeny V"]
[Black "Jian, Alex"]
[Result "1-0"]
[WhiteElo "2292"]
[BlackElo "2045"]
[PlyCount "51"]
[EventDate "2022.07.05"]
[EventType "swiss (blitz)"]
[EventRounds "11"]
[EventCountry "USA"]
[SourceTitle "CBM 209 Extra"]
[Source "ChessBase"]
[SourceDate "2022.09.30"]
[SourceVersion "1"]
[SourceVersionDate "2022.09.30"]
[SourceQuality "1"]

1. d4 d5 2. c4 c6 3. Nc3 Nf6 4. e3 g6 5. Nf3 Bg7 6. Be2 0-0 7. 0-0 dxc4 8. Bxc4 Nbd7 9. e4 Nb6 10. Bb3 Bg4 11. Be3 Nfd7 12. h3 Bxf3 13. Qxf3 e5 14. d5 cxd5 15. Nxd5 Rc8 16. Rac1 Nxd5 17. Bxd5 b6 18. Rfd1 Rxc1 19. Rxc1 Nf6 20. Bg5 Qd6 21. Rc6 Qb4 22. Bxf6 Qxb2 23. Bxg7 Kxg7 24. Qf6+ Kg8 25. Rc7 Qc1+ 26. Rxc1 1-0

[Event "Titled Tuesday intern op 05th Jul Late"]
[Site "Chess.com INT"]
[Date "2022.07.05"]
[Round "1"]
[White "Sankalp, Gupta"]
[Black "Jian, Alex"]
[Result "1-0"]
[WhiteElo "2502"]
[BlackElo "2045"]
[PlyCount "85"]
[EventDate "2022.07.05"]
[EventType "swiss (blitz)"]
[EventRounds "11"]
[EventCountry "USA"]
[SourceTitle "CBM 209 Extra"]
[Source "ChessBase"]
[SourceDate "2022.09.30"]
[SourceVersion "1"]
[SourceVersionDate "2022.09.30"]
[SourceQuality "1"]

1. e4 c5 2. Nf3 e6 3. d4 cxd4 4. Nxd4 a6 5. Bd3 Nf6 6. 0-0 d6 7. Qe2 Nc6 8. Nxc6 bxc6 9. f4 Be7 10. c4 0-0 11. Nc3 d5 12. e5 Nd7 13. f5 exf5 14. Bxf5 Nc5 15. Bxc8 Rxc8 16. Be3 d4 17. Rad1 Ne6 18. Bc1 Bg5 19. Ne4 Bxc1 20. Rxc1 c5 21. Nd6 Rb8 22. Rf2 Qd7 23. Rcf1 Nd8 24. b3 Qe6 25. Qe4 Rb6 26. Qd5 Qxd5 27. cxd5 f6 28. Nf5 Rb7 29. e6 Re8 30. Nd6 Rbe7 31. Nxe8 Rxe8 32. Rc1 Nb7 33. Rfc2 Kf8 34. Kf2 Rd8 35. Rxc5 Nxc5 36. Rxc5 Ke7 37. Ke2 Kd6 38. Ra5 Rc8 39. Kd3 Rc3+ 40. Kxd4 Rc2 41. Rxa6+ Ke7 42. Ra7+ Kd6 43. Rd7# 1-0

[Event "Titled Tuesday intern op 21st Jun Late"]
[Site "Chess.com INT"]
[Date "2022.06.21"]
[Round "10"]
[White "Colpe, Malte"]
[Black "Jian, Alex"]
[Result "1/2-1/2"]
[WhiteElo "2367"]
[BlackElo "2055"]
[PlyCount "87"]
[EventDate "2022.06.21"]
[EventType "swiss (blitz)"]
[EventRounds "11"]
[EventCountry "USA"]
[SourceTitle "EXT 2023"]
[Source "ChessBase"]
[SourceDate "2022.10.05"]
[SourceVersion "1"]
[SourceVersionDate "2022.10.05"]
[SourceQuality "1"]

1. d4 d5 2. c4 c6 3. Nc3 Nf6 4. e3 g6 5. Nf3 Bg7 6. Be2 0-0 7. 0-0 dxc4 8. Bxc4 Nbd7 9. e4 b5 10. Bd3 e5 11. dxe5 Ng4 12. Bg5 Qb6 13. e6 fxe6 14. h3 Nge5 15. Nxe5 Nxe5 16. Be2 Bb7 17. Kh1 Rxf2 18. Qd6 Re8 19. Bf4 Nf7 20. Qd7 Rd8 21. Qxe6 Bc8 22. Qb3 Bxc3 23. bxc3 Rxe2 24. Bg5 Rd7 25. Qe6 Rf2 26. Qe8+ Kg7 27. Qxc8 Rdd2 28. Qe6 Nxg5 29. Qe5+ Kh6 30. h4 Nf7 31. Qe7 Rxg2 32. Qf8+ Kh5 33. Rf5+ gxf5 34. Qxf7+ Kh6 35. Qf6+ Rg6 36. Qf8+ Rg7 37. Qf6+ Rg6 38. Qf8+ Kh5 39. Qxf5+ Kh6 40. Qf8+ Kh5 41. Qf5+ Kh6 42. Qf8+ Rg7 43. Qf6+ Rg6 44. Qf8+ 1/2-1/2

[Event "Titled Tuesday intern op 21st Jun Late"]
[Site "Chess.com INT"]
[Date "2022.06.21"]
[Round "11"]
[White "Jian, Alex"]
[Black "Adla, Diego Gustavo"]
[Result "1-0"]
[WhiteElo "2055"]
[BlackElo "2407"]
[PlyCount "105"]
[EventDate "2022.06.21"]
[EventType "swiss (blitz)"]
[EventRounds "11"]
[EventCountry "USA"]
[SourceTitle "EXT 2023"]
[Source "ChessBase"]
[SourceDate "2022.10.05"]
[SourceVersion "1"]
[SourceVersionDate "2022.10.05"]
[SourceQuality "1"]

1. Nf3 Nf6 2. b4 e6 3. a3 a5 4. b5 b6 5. Bb2 Bb7 6. a4 Be7 7. g3 0-0 8. Bg2 c5 9. d3 d6 10. 0-0 Qc7 11. Nbd2 Nbd7 12. e4 Rfe8 13. Re1 Rad8 14. c4 Nf8 15. e5 dxe5 16. Nxe5 Ng6 17. Ndf3 Bd6 18. Nxg6 hxg6 19. Be5 Nd7 20. Bb2 Re7 21. Qe2 Rde8 22. Rad1 e5 23. Ng5 Bxg2 24. Kxg2 f5 25. Kg1 Qb7 26. Qf3 Qxf3 27. Nxf3 Kf7 28. Ng5+ Kg8 29. Nf3 Kf7 30. Kg2 Kf6 31. Nd2 g5 32. Nf3 g4 33. Nd2 g6 34. h3 gxh3+ 35. Kxh3 Rh7+ 36. Kg2 Reh8 37. Nf3 g5 38. Rh1 Rxh1 39. Rxh1 Rxh1 40. Kxh1 g4 41. Nd2 Ke6 42. Kg2 Be7 43. f3 gxf3+ 44. Kxf3 Bg5 45. Nf1 Nf6 46. Nh2 Bd2 47. g4 fxg4+ 48. Nxg4 Nxg4 49. Kxg4 Be3 50. Kf3 Bd4 51. Bxd4 exd4 52. Ke4 Kd6 53. Kf5 1-0

[Event "Titled Tuesday intern op 21st Jun Late"]
[Site "Chess.com INT"]
[Date "2022.06.21"]
[Round "9"]
[White "Jian, Alex"]
[Black "Navarrete Mendez, Gonzalo Albe"]
[Result "0-1"]
[WhiteElo "2055"]
[BlackElo "2185"]
[PlyCount "64"]
[EventDate "2022.06.21"]
[EventType "swiss (blitz)"]
[EventRounds "11"]
[EventCountry "USA"]
[SourceTitle "EXT 2023"]
[Source "ChessBase"]
[SourceDate "2022.10.05"]
[SourceVersion "1"]
[SourceVersionDate "2022.10.05"]
[SourceQuality "1"]

1. Nf3 d5 2. h3 Nc6 3. d4 Bf5 4. g4 Bg6 5. Nh4 e5 6. Nxg6 hxg6 7. dxe5 Nxe5 8. Bg2 c6 9. Nd2 Nf6 10. Nf3 Bd6 11. Nxe5 Bxe5 12. c3 Qe7 13. Be3 Bc7 14. Qb3 0-0 15. 0-0-0 Bb6 16. Rd3 Ne4 17. Bxe4 dxe4 18. Rd2 Bxe3 19. fxe3 Qc5 20. Rd4 Rae8 21. Qxb7 Qg5 22. Qxc6 Qxe3+ 23. Rd2 Rd8 24. Rhd1 Rxd2 25. Rxd2 Rd8 26. Kb1 Qxd2 27. a3 Qd1+ 28. Ka2 Qd5+ 29. Qxd5 Rxd5 30. Kb3 Rd2 31. e3 Rd3 32. Kc2 Rxe3 0-1

[Event "Titled Tuesday intern op 21st Jun Late"]
[Site "Chess.com INT"]
[Date "2022.06.21"]
[Round "2"]
[White "Kovacevic, Radmila"]
[Black "Jian, Alex"]
[Result "1-0"]
[WhiteElo "2113"]
[BlackElo "2055"]
[PlyCount "145"]
[EventDate "2022.06.21"]
[EventType "swiss (blitz)"]
[EventRounds "11"]
[EventCountry "USA"]
[SourceTitle "EXT 2023"]
[Source "ChessBase"]
[SourceDate "2022.10.05"]
[SourceVersion "1"]
[SourceVersionDate "2022.10.05"]
[SourceQuality "1"]

1. e4 e5 2. d4 Nc6 3. d5 Nce7 4. f4 exf4 5. Bxf4 Ng6 6. Bg3 Bc5 7. Nf3 d6 8. Bb5+ Bd7 9. Qd3 Nf6 10. Nbd2 0-0 11. h4 Nh5 12. Bxd7 Nxg3 13. Rh3 Nf4 14. Qc3 Nge2 15. Qc4 Qxd7 16. Rh1 Qg4 17. Rf1 Qg3+ 18. Kd1 b5 19. Qb3 a5 20. Ne1 Qg4 21. Qf3 Qxf3 22. Rxf3 Bd4 23. c3 Be5 24. g3 Rfe8 25. gxf4 Nxf4 26. Nd3 Nxd3 27. Rxd3 Rab8 28. Kc2 b4 29. c4 a4 30. Rf1 Bf6 31. Rxf6 gxf6 32. Rf3 Kg7 33. Rg3+ Kf8 34. Rf3 Re5 35. Rxf6 Rh5 36. Rf4 Re8 37. b3 axb3+ 38. Kxb3 Rb8 39. Nf3 Rh6 40. e5 dxe5 41. Nxe5 Ke8 42. Nc6 Ra8 43. Nxb4 Rg6 44. Re4+ Kd7 45. Kc3 Rg3+ 46. Kd4 Ra4 47. Nc6 Raa3 48. Ne5+ Kc8 49. Rf4 Rh3 50. Rxf7 Kb7 51. d6 Rxa2 52. Rxc7+ Kb8 53. Rxh7 Rd2+ 54. Kc5 Re3 55. Nc6+ Kc8 56. Rh8+ Kd7 57. Rd8+ Ke6 58. Re8+ Kf7 59. Rxe3 Rh2 60. Re7+ Kf8 61. Re4 Rd2 62. d7 Rd1 63. d8Q+ Rxd8 64. Nxd8 Kg7 65. Ne6+ Kh6 66. Re5 Kg6 67. Kd5 Kh6 68. c5 Kh7 69. c6 Kh6 70. c7 Kh7 71. c8Q Kh6 72. Qh8+ Kg6 73. Qg7# 1-0